| 000 | 00441nam a2200157Ia 4500 | ||
|---|---|---|---|
| 008 | 220216s9999 xx 000 0 und d | ||
| 100 | _aPetrovic Zoran S | ||
| 245 | 0 | _aPhase behaviour and properties of polyurethane-PVC blends and fibers | |
| 260 |
_bRubber Chemistry and Technology _c1999 |
||
| 300 | _a587-601 | ||
| 650 | _aPolyurethan-PVC | ||
| 700 | _aJavni Ivan | ||
| 700 | _aShull Jonathan | ||
| 700 | _aWaddon Alan | ||
| 942 | _cJS | ||
| 999 |
_c64861 _d64861 |
||